<?xml version="1.0" encoding="UTF-8"?><?xml-stylesheet type="text/xsl" href="static/style.xsl"?><OAI-PMH xmlns="http://www.openarchives.org/OAI/2.0/" xmlns:xsi="http://www.w3.org/2001/XMLSchema-instance" xsi:schemaLocation="http://www.openarchives.org/OAI/2.0/ http://www.openarchives.org/OAI/2.0/OAI-PMH.xsd"><responseDate>2026-04-27T07:53:26Z</responseDate><request verb="GetRecord" identifier="oai:uvadoc.uva.es:10324/7619" metadataPrefix="marc">https://uvadoc.uva.es/oai/request</request><GetRecord><record><header><identifier>oai:uvadoc.uva.es:10324/7619</identifier><datestamp>2021-06-29T10:16:55Z</datestamp><setSpec>com_10324_38</setSpec><setSpec>col_10324_852</setSpec></header><metadata><record xmlns="http://www.loc.gov/MARC21/slim" xmlns:doc="http://www.lyncode.com/xoai" xmlns:xsi="http://www.w3.org/2001/XMLSchema-instance" xmlns:dcterms="http://purl.org/dc/terms/" xsi:schemaLocation="http://www.loc.gov/MARC21/slim http://www.loc.gov/standards/marcxml/schema/MARC21slim.xsd">
<leader>00925njm 22002777a 4500</leader>
<datafield tag="042" ind1=" " ind2=" ">
<subfield code="a">dc</subfield>
</datafield>
<datafield tag="720" ind1=" " ind2=" ">
<subfield code="a">Prieto Abarquero, Beatriz</subfield>
<subfield code="e">author</subfield>
</datafield>
<datafield tag="260" ind1=" " ind2=" ">
<subfield code="c">2014</subfield>
</datafield>
<datafield tag="520" ind1=" " ind2=" ">
<subfield code="a">El presente Trabajo de Fin de Grado es un recorrido por los autores más importantes que han investigado acerca de la inclusión de los materiales manipulativos en el aula de matemáticas. Además, contiene una propuesta de intervención educativa, diseñada para mostrar cómo estos materiales pueden ser integrados en el aula. En dicha propuesta se utilizarán materiales como el mecano, los palillos, el pentominó y, finalmente, el tangram. Las actividades que se proponen están enfocadas para el tercer ciclo de primaria, concretamente el sexto curso. Para finalizar, contiene el análisis de los resultados de la puesta en práctica en el aula, una reflexión sobre la incidencia de los mismos en el proceso de enseñanza-aprendizaje.</subfield>
</datafield>
<datafield tag="024" ind2=" " ind1="8">
<subfield code="a">http://uvadoc.uva.es/handle/10324/7619</subfield>
</datafield>
<datafield ind1=" " ind2=" " tag="653">
<subfield code="a">Juegos matemáticos</subfield>
</datafield>
<datafield ind1=" " ind2=" " tag="653">
<subfield code="a">Matemáticas-Estudio y enseñanza</subfield>
</datafield>
<datafield tag="245" ind1="0" ind2="0">
<subfield code="a">Materiales manipulativos en el proceso de enseñanza-aprendizaje de las matemáticas</subfield>
</datafield>
</record></metadata></record></GetRecord></OAI-PMH>